Les sœurs Loud - Mort subite - Statistiques

Statistiques générales
  • Ce quiz a été pris 283 fois
  • Le résultat moyen est 8 sur 10
Answers on the Grid
Answers color-coded by a green-red scale on the quiz's grid according to % correct below.
Luna
Luan
Lisa
Lola
Lana
Lea
Laura
Louise
Lucy
Lori
Leni
Lily
Lou
Laure
Lena
Lina
Lynn
Leyna
Louisa
Leane
 
Statistiques - réponses
Réponse % Correct
Lola
89%
Lucy
88%
Lily
85%
Lori
84%
Luna
84%
Lana
83%
Leni
83%
Lisa
83%
Lynn
82%
Luan
72%
Aucun quiz correspondant
Distribution des résultats
% des personnes avec chaque résultat
Percentile par nombre de réponses
Votre historique - résultats
Vous n’avez pas pris ce quiz